| 000 | 01277nam0a2200349 4500 | ||
|---|---|---|---|
| 001 | RU\NLR\bibl\1468253 | ||
| 005 | 20250616001125.0 | ||
| 010 |
_a978-5-9524-4526-0 _93000 |
||
| 021 |
_aRU _b2009-99298 _96306 |
||
| 035 | _a(nilc)RSL-KNO-004478265 | ||
| 035 | _a(NLR Aleph) 001459967 | ||
| 090 |
_a1577068 _c1577068 |
||
| 100 | _a20091210d2009 |||y0rusy50 ca | ||
| 101 | 0 | _arus | |
| 102 | _aRU | ||
| 105 | _aa ||||||||| | ||
| 200 | 1 |
_aРабота, деньги и любовь _eпутеводитель по самореализации _fНаталья Грэйс |
|
| 210 |
_aМосква _cЦентрполиграф _d2009 _eУльяновск _gУльяновский Дом печати |
||
| 215 |
_a473, [5] с. _cил., портр. _d22 |
||
| 225 | 1 | _aПсихология и жизнь | |
| 606 | 1 |
_aЛичность _xСамореализация _92079921 _3RU\NLR\auth\661255822 |
|
| 686 |
_aЮ949.2,0 _2rubbk |
||
| 686 | _aС550.354 | ||
| 700 | 1 |
_4070 _aГрэйс _bН. Е. _f1974- _gНаталья Евгеньевна _9152577 _3RU\NLR\AUTH\770152615 |
|
| 801 | 0 |
_aRU _bRuMoRGB _c20091210 _grcr |
|
| 801 | 1 |
_aRU _bRuMoRGB _c20091210 |
|
| 801 | 2 |
_aRU _bNLR _c20100203 _grcr |
|
| 830 | _aпо кн | ||
| 942 | _cBOOK | ||
| 980 | _aNB | ||